Thonnoottimoonnu(തൊണ്ണൂറ്റിമൂന്ന്) (Record no. 115533)

MARC details
000 -LEADER
fixed length control field 00486 a2200169 4500
005 - DATE AND TIME OF LATEST TRANSACTION
control field 20260422151040.0
008 - FIXED-LENGTH DATA ELEMENTS--GENERAL INFORMATION
fixed length control field 260422b |||||||| |||| 00| 0 eng d
020 ## - INTERNATIONAL STANDARD BOOK NUMBER
International Standard Book Number 9789393713551
080 ## - UNIVERSAL DECIMAL CLASSIFICATION NUMBER
Universal Decimal Classification number FM
Item number HUG/T
100 ## - MAIN ENTRY--PERSONAL NAME
Personal name Hugo,Victor
245 ## - TITLE STATEMENT
Title Thonnoottimoonnu(തൊണ്ണൂറ്റിമൂന്ന്)
260 ## - PUBLICATION, DISTRIBUTION, ETC. (IMPRINT)
Name of publisher, distributor, etc SPCS
Place of publication, distribution, etc Kozhikode
Date of publication, distribution, etc 2025
300 ## - PHYSICAL DESCRIPTION
Extent 235p.
653 ## - INDEX TERM--UNCONTROLLED
Uncontrolled term Fiction-Novel-Malayalam Literature
700 ## - ADDED ENTRY--PERSONAL NAME
Personal name Edappally Karunakara Menon; tr.by
942 ## - ADDED ENTRY ELEMENTS (KOHA)
item type Under processing
Holdings
Lost status Source of classification or shelving scheme Not for loan Home library Current library Date acquired Cost, normal purchase price Total Checkouts Full call number Barcode Date last seen Cost, replacement price Price effective from Koha item type Public note
  Universal Decimal Classification Not For Loan University Library University Library 06/03/2026 333.35   FM HUG/T 00097617 06/03/2026 500.00 06/03/2026 Books Processing
University Library, CUSAT